El arte de educar (al educador) y de transformar un centro (Record no. 881368)

000 -CABECERA
Campo de control de longitud fija 00559nab a22001697 4500
003 - IDENTIFICADOR DEL NÚMERO DE CONTROL
Campo de control ES-SlBCS
005 - FECHA Y HORA DE LA ÚLTIMA TRANSACCIÓN
Campo de control 20220602105954.0
008 - CÓDIGOS DE INFORMACIÓN DE LONGITUD FIJA
Campo de control de longitud fija 220602s2022 sp ||||| |||| 00| 0 spa d
040 ## - FUENTE DE LA CATALOGACIÓN
Centro catalogador del origen ES-SlBCS
Lengua de catalogación spa
041 ## - CÓDIGO DE LENGUA
Código de lengua del texto/banda sonora o título independiente spa
100 1# - PUNTO DE ACCESO PRINCIPAL-NOMBRE DE PERSONA
Nombre de persona Arrimadas Gómez, Irene
9 (RLIN) 255152
245 13 - MENCIÓN DE TÍTULO
Título El arte de educar (al educador) y de transformar un centro
Mención de responsabilidad, etc. Irene Arrimadas Gómez, Loli García, Eline Lund
700 1# - PUNTO DE ACCESO ADICIONAL-NOMBRE DE PERSONA
9 (RLIN) 328688
Nombre de persona García, Loli
700 1# - PUNTO DE ACCESO ADICIONAL-NOMBRE DE PERSONA
Nombre de persona Lund, Eline
9 (RLIN) 420139
773 0# - ENLACE AL DOCUMENTO FUENTE
Parte(s) relacionada(s) Núm. 281, 2022, págs. 28-38
Título Educadores
Número de control del registro relacionado Rev370
Número Internacional Normalizado para Publicaciones Seriadas (ISSN) 0013-1113
942 ## - ENTRADA DE ELEMENTOS AGREGADOS (KOHA)
Fuente de clasificaión o esquema
Koha [por defecto] tipo de item Artículos de revista
Holdings
Suprimido Perdido Fuente de clasificación o esquema Estropeado No para préstamo Localización permanente Localización actual Fecha adquisición Préstamos totales Fecha última consulta Fecha del precio de reemplazo Tipo de item de Koha
          San Esteban San Esteban 02/06/2022   02/06/2022 02/06/2022 Artículos de revista

Bibliotecas Dominicos Provincia Hispania, 2016

Con tecnología Koha